| 000 | 01055nam a2200229 i 4500 | ||
|---|---|---|---|
| 001 | 25971 | ||
| 003 | ES-MaACL | ||
| 005 | 20250831121726.0 | ||
| 007 | t| | ||
| 008 | 030107s1882 sp ||||1| spa d | ||
| 110 | 2 |
_aAsociación para la Reforma de los Aranceles de Aduanas _91779 |
|
| 245 | 1 | 0 |
_aMeeting celebrado en el Teatro de la Comedia el día 21 de mayo de 1882 _b: tema: urgencia del levantamiento de la supensión de la base 5ª de la ley arancelaria: necesidad de decretar la libre importación de aranceles... / _cAsociación para la Reforma de los Aranceles de Aduanas. |
| 260 |
_aMadrid : _b[s.n., _c1882] ( _fImp. de Enrique de la Riva) |
||
| 300 |
_a71 p. ; _c22 cm. |
||
| 500 | _aPrecede al tít.: Asociación para la Reforma Liberal de los Aranceles de Auanas. | ||
| 710 | 2 |
_aAsociación para la Reforma de los Aranceles de Aduanas _91779 |
|
| 710 | 2 |
_aTeatro de la Comedia (Madrid) _96920 |
|
| 852 |
_aES-MaACL _jFol-Laf-272 |
||
| 852 |
_aES-MaACL _jT-372-F-8 |
||
| 852 |
_aES-MaACL _jFol-Laf-283 |
||
| 999 |
_c25971 _d25971 |
||